Очистка радиоактивно-загрязнённых вод на гуминовых кислотах из торфа; Ядерная энергетика: технология, безопасность, экология, экономика, управление

Detaylı Bibliyografya
Parent link:Ядерная энергетика: технология, безопасность, экология, экономика, управление.— 2010.— [С. 230-232]
Yazar: Сваровский А. Я.
Diğer Yazarlar: Скоромкина А. Н.
Özet:Заглавие с экрана.
Электронная версия печатной публикации
Dil:Rusça
Baskı/Yayın Bilgisi: 2010
Konular:
Online Erişim:http://www.lib.tpu.ru/fulltext/v/Conferences/2010/K03/03112.pdf
Materyal Türü: Elektronik Kitap Bölümü
KOHA link:https://koha.lib.tpu.ru/cgi-bin/koha/opac-detail.pl?biblionumber=207984

MARC

LEADER 00000naa2a2200000 4500
001 207984
005 20260203135713.0
035 |a (RuTPU)RU\TPU\book\226999 
035 |a RU\TPU\book\226982 
090 |a 207984 
100 |a 20120131d2010 k y0rusy50 ca 
101 0 |a rus 
102 |a RU 
135 |a drnn ---uucaa 
181 0 |a i  
182 0 |a b 
200 1 |a Очистка радиоактивно-загрязнённых вод на гуминовых кислотах из торфа  |f А. Я. Сваровский, А. Н. Скоромкина 
203 |a Текст  |c электронный 
215 |a 1 файл (625 Кб) 
300 |a Заглавие с экрана. 
300 |a Электронная версия печатной публикации 
337 |a Adobe Reader 
463 1 |0 (RuTPU)RU\TPU\book\224752  |t Ядерная энергетика: технология, безопасность, экология, экономика, управление  |o сборник научных трудов I Всероссийской научно-практической конференции молодых атомщиков Сибири, Томск, 19-25 сентября 2010 г.  |f Национальный исследовательский Томский политехнический университет (ТПУ)  |v [С. 230-232]  |d 2010 
610 1 |a вода 
610 1 |a радиоактивное загрязнение 
610 1 |a очистка 
610 1 |a гуминовые кислоты 
610 1 |a торф 
610 1 |a атомная промышленность 
610 1 |a радиоактивные отходы 
610 1 |a электронный ресурс 
700 1 |a Сваровский  |b А. Я. 
701 1 |a Скоромкина  |b А. Н. 
801 1 |a RU  |b 63413507  |c 20120113 
801 2 |a RU  |b 63413507  |c 20120424  |g RCR 
856 4 |u http://www.lib.tpu.ru/fulltext/v/Conferences/2010/K03/03112.pdf 
942 |c CF